Historische Ereignisse - Statistiken

Allgemein
  • Dieses Quiz wurde 189 mal gespielt
  • Das Durchschnittsergebnis liegt bei 12 aus 25
Antwortstatistiken
Ereignis Jahr % Korrekt
Das Terrornetzwerk al-Qaida entführt 4 Flugzeuge. Zwei davon werden von den Terroristen in die beiden Türme des World Trade Centers gesteuert, ein weiteres in das Pentagon. Das vierte Flugzeug stürzt ab, bevor es das Weiße Haus in Washington erreichen kann. 2001
97%
Die RMS Titanic versinkt im Atlantik, nachdem sie zuvor mit einem Eisberg kollidiert war. 1912
91%
Die Berliner Mauer fällt, die über 28 Jahre lang BRD und DDR getrennt hatte. 1989
75%
Anhänger des US-amerikanischen Politikers Donald Trump stürmen das Kapitol in Washington, um diesem zu einer verfassungswidrigen Weiterführung seiner Amtszeit zu verhelfen. 2021
75%
In Deutschland fallen unzählige Werke der Literatur, die den Nationalsozialisten nicht passten, den Bücherverbrennungen zu Opfer. 1933
71%
In der Reichspogromnacht werden mehrere tausend jüdische Einrichtungen zerstört und mindestens 30.000 Juden in Konzentrationslager gebracht. 1938
65%
Im Kernkraftwerk in Tschernobyl explodiert die Reaktorhalle, radioaktive Stoffe gelangen in die Umwelt. Ungefähr 4000 Menschen verlieren in den folgenden Jahren ihr Leben aufgrund des Unglücks. 1986
65%
Der italienische Seefahrer Christoph Kolumbus erreicht auf der Suche eines Seewegs nach Indien eine Insel der Bahamas. In den folgenden Jahren und Jahrzehnten erobern Europäer den neu entdeckten Kontinent Amerika und unterdrücken die dortigen Einheimischen. 1492
61%
Michael Jackson veröffentlich mit Thriller das weltweit meistverkaufte Album aller Zeiten. 1982
58%
Die Bastille, Symbol der Unterdrückung durch das Ancien Régime, wird gestürmt. Das Ereignis gilt als eines der bedeutendsten Ereignisse zu Beginn der Französischen Revolution. 1789
57%
Die erste Fußball-Weltmeisterschaft der Herren findet in Uruguay statt. 1930
54%
Die USA marschieren im Irak ein. Der Dritte Golfkrieg oder auch Irakkrieg beginnt. Die Besetzung des Landes dauert bis 2011 an. 2003
54%
Stalin wird Diktator der Sowjetunion. Während seiner Herrschaft sterben circa 20 - 30 Millionen Menschen an seinem Terror. 1927
48%
Der Zeppelin "Hindenburg" fliegt von Deutschland in die USA. Dort angekommen geht das mit Wasserstoff fliegende Gefährt bei der Landung in Flammen auf. 1937
47%
Martin Luther nagelt seine 95 Thesen an das Tor der Kirche zu Wittenberg, in welchen er die katholische Kirche kritisiert. 1517
46%
Die Raumfähre Challenger explodiert in etwa 15 Kilometern Höhe aufgrund von einem oder mehrerer defekten Dichtungsringen. 1986
41%
Der ICE 884 "Wilhelm Conrad Röntgen" entgleist nahe Eschede. 101 Menschen sterben, 105 werden verletzt. 1998
37%
Abraham Lincoln, Präsident der Vereinigten Staaten von Amerika, wird während einer Vorstellung einer Komödie durch einen Kopfschuss ermordet. 1865
30%
Die Römer werden von den Germanen in der Varusschlacht vernichtend geschlagen. 9
27%
Mao Zedong startet in China die Kulturrevolution mit dem Ziel, kapitalistische, bürgerliche und traditionalistische Infiltrierungen der Gesellschaft durch eine Fortsetzung des Klassenkampfs zu entfernen. 1966
23%
Papst Urban II ruft zum ersten Kreuzzug auf. 50.000 bis 60.000 Menschen aus Westeuropa machen sich auf den Weg nach Jerusalem. 1096
14%
In Rom bricht ein riesiger Brand aus, der mehrere Tage wütet. Drei der 14 Stadtbezirke werden vollständig zerstört. Gerüchte machen sich breit, Kaiser Nero hätte den Brand gelegt. 64
14%
Die Hauptversion von "Der Schrei" wird von Edvard Munch gemalt. 1893
8%
Heinrich IV tritt den Gang nach Canossa an, nachdem er zuvor von Papst Gregor VII exkommuniziert wurde. 1076
7%
Widukind, Anführer der Sachsen, lässt sich nach großen Niederlagen gegenüber den Franken taufen. 785
5%
Keine übereinstimmenden Quizze gefunden
Verteilung der Resultate
Anzahl Personen mit jedem Resultat
Perzentil nach korrekt beantworteten Fragen
Ihre Resultats-Entwicklung
Sie haben dieses Quiz noch nicht gespielt